00495nam a2200193 a 4500001001300000003000900013005001700022008004100039020002300080082001500103100001600118245003500134260002800169300000900197500003500206505001800241650002600259700001600285nice12345678IN_TiNIC20260116014806.0050524s2010 jaia grp 000 0 eng  a9788183762595c75000a923.2bSIN aSingh, Prem aGandhi`s Vision of World Order aJaipur bABD Pub c2010 a256p aincludes index and biblioraphy2 abiblio, index aGandhi M K-Philosophy1 aSingh, Prem